2007 Football League Cup Final (Chelsea vs Arsenal) - Lineups - Statistics

General Stats
  • This quiz has been taken 146 times
  • The average score is 16 of 34
Answer Stats
Position Answer % Correct
GK Petr Čech
96%
CB (C) (63') John Terry
92%
CF (1:1,2:1) Didier Drogba
90%
DF Ashley Cole
88%
CM Frank Lampard
85%
Coach Arsene Wenger
74%
CM Cesc Fabregas
73%
Coach Jose Mourinho
69%
CM Michael Essien
69%
CB Ricardo Carvalho
69%
GK Manuel Almunia
61%
DM (45') Claude Makelele
60%
RM (0:1) Theo Walcott
58%
CB (C) Kolo Toure
54%
FW (80') Emmanuel Adebayor
53%
MF (63') John Obi Mikel
51%
FW (90+9') Salomon Kalou
49%
CM Michael Ballack
46%
MF (68') Alexander Hleb
40%
DF (66') Emmanuel Eboue
40%
LM (68') Abou Diaby
36%
MF (45') Arjen Robben
36%
CF (90+9') Andriy Shevchenko
35%
LB Wayne Bridge
35%
CB Philippe Senderos
33%
GK Hilario
25%
DF Johan Djourou
22%
CM Denilson
21%
LB (66') Armand Traore
18%
CF Julio Baptista
17%
RB Justin Hoyte
17%
CF (80') Jeremie Aliadiere
13%
RB Lassana Diarra
12%
GK Mart Poom
12%
No matching quizzes found
Score Distribution
Percent of People with Each Score
Percentile by Number Answered
Your Score History
You have not taken this quiz